Statistics for Simpsons Characters by Picture

Click here to take the quiz!

General Stats

  • This quiz has been taken 13,925 times
    (13,212 since last reset)
  • The average score is 13 of 16

Answer Stats

Answer% Correct
Homer Simpson
100%
Marge Simpson
98%
Krusty the Clown
92%
Ned Flanders
92%
Mr. Burns
90%
Abe Simpson
88%
Milhouse Van Houten
86%
Sideshow Bob
86%
Seymour Skinner
83%
Ralph Wiggum
82%
Nelson Muntz
77%
Barney Gumble
75%
Edna Krabappel
71%
Otto Mann
67%
Mayor Quimby
56%
Dr. Hibbert
49%

Score Distribution

Percentile by Number Answered

Percent of People with Each Score

Your Score History

You have not taken this quiz since the last reset